Business To Business Marketing (Record no. 43578)

MARC details
000 -LEADER
fixed length control field 00471nam a22001817a 4500
005 - DATE AND TIME OF LATEST TRANSACTION
control field 20250404174827.0
008 - FIXED-LENGTH DATA ELEMENTS--GENERAL INFORMATION
fixed length control field 250404b |||||||| |||| 00| 0 eng d
020 ## - INTERNATIONAL STANDARD BOOK NUMBER
International Standard Book Number 9781529791501
041 ## - LANGUAGE CODE
Language code of text/sound track or separate title eng
082 ## - DEWEY DECIMAL CLASSIFICATION NUMBER
Classification number 658.8 BRE
100 ## - MAIN ENTRY--PERSONAL NAME
Author Brennan, Ross
245 ## - TITLE STATEMENT
Title Business To Business Marketing
250 ## - EDITION STATEMENT
Edition statement 6th
260 ## - PUBLICATION, DISTRIBUTION, ETC.
Place London
Publisher sage
Publication Year 2024
300 ## - PHYSICAL DESCRIPTION
Extent 412:. pages 24 cm
650 ## - SUBJECT ADDED ENTRY--TOPICAL TERM
Subject Industrial Marketing; Industrial Marketing Management.
942 ## - ADDED ENTRY ELEMENTS (KOHA)
Koha item type Books
Holdings
Withdrawn status Lost status Source of classification or shelving scheme Damaged status Not for loan Home library Current library Shelving location Accession Date Vendor Price Bill number Total Checkouts Full call number Barcode No Date last seen Discount Bill Date Koha item type Suggested By
    Dewey Decimal Classification     IMTN IMTN Rack 33-B 03/28/2025 Raghav Books Private Limited 5786.49 2374   658.8 BRE 33898 04/04/2025 33 02/14/2025 Books Gargi Sajwan (2024413
Designed & Maintained by: LRC IMT Nagpur Contact: lrc@imtnag.ac.in© 2024. All Rights Reserved.